000 18197nas1a22012251i 4500
001 RU\NLR\INFOCOMM15\1000122955
005 20240726003233.0
011 _a0236-378X
035 _a(NLR Aleph) 002567241
090 _a3157023
_c3157023
100 _a20040527a19889999|||y0rusy50 ca
101 0 _arus
102 _aRU
110 _aayu||||0|y0
200 1 _aОбщая и региональная геология, геология морей и океанов, геологическое картирование
_eОбзор. информ.
_fВНИИ экономики минер. сырья и геол.-развед. работ (ВИЭМС)
210 _aМ.
_d1988-
225 1 _aОбзор
300 _aВ надзаг. также: М-во геологии СССР
430 1 _12001#$aОбщая и региональная геология; геологическое картирование
_tОбщая и региональная геология; геологическое картирование
712 0 2 _a"Геоинформмарк", акционерное общество
_cМосква
_4570
712 0 2 _a"Геоинформмарк", малое научно-производственное предприятие
_cМосква
_4570
712 0 2 _aВсесоюзный научно-исследовательский институт экономики минерального сырья и геологоразведочных работ
_4570
712 0 2 _a"Геоинформцентр", общество с ограниченной ответственностью
_cМосква
_4570
801 1 _aRU
_bInfoComm
_c20040527
801 0 _aRU
_bNLR
_gPSBO
852 _aNLR
_jП7/2218
942 _cJOURNAL
980 _aRUSPER